El Archivo Histórico de la Arquidiócesis de Oaxaca (Record no. 8073)
[ view plain ]
| 000 -CABECERA | |
|---|---|
| campo de control de longitud fija | 00886nam a2200229 a 4500 |
| 001 - NÚMERO DE CONTROL | |
| campo de control | BRCA_8405 |
| 005 - FECHA Y HORA DE LA ÚLTIMA TRANSACCIÓN | |
| campo de control | 20190320210251.0 |
| 008 - DATOS DE LONGITUD FIJA--INFORMACIÓN GENERAL | |
| campo de control de longitud fija | 180315s1998----mx-a######---#000-0#spa-# |
| 041 ## - CÓDIGO DE LENGUA | |
| Código de lengua del texto/banda sonora o título independiente | spa |
| 050 #4 - SIGNATURA TOPOGRÁFICA DE LA BIBLIOTECA DEL CONGRESO | |
| Número de documento/Ítem | L59 1998 |
| 100 1# - ENTRADA PRINCIPAL--NOMBRE DE PERSONA | |
| Nombre de persona | Lizama Quijano, Jesús |
| 9 (RLIN) | 21042 |
| 245 10 - MENCIÓN DE TÍTULO | |
| Título | El Archivo Histórico de la Arquidiócesis de Oaxaca |
| Resto del título | una memoria que se exclaustra |
| Mención de responsabilidad, etc. | Jesús J. Lizama Q., Daniela Traffano. |
| 260 ## - PUBLICACIÓN, DISTRIBUCIÓN, ETC. | |
| Lugar de publicación, distribución, etc. | Oaxaca, México |
| Nombre del editor, distribuidor, etc. | Archivo Histórico de la Arquidiócesis de Oaxaca : FOESCA |
| Fecha de publicación, distribución, etc. | 1998 |
| 300 ## - DESCRIPCIÓN FÍSICA | |
| Extensión | 58 p. |
| Otras características físicas | il. |
| Dimensiones | 22 cm. |
| 440 #0 - MENCIÓN DE SERIE/PUNTO DE ACCESO ADICIONAL--TÍTULO | |
| Título | Cuadernos de historia eclesiástica |
| Designación de volumen o secuencia | 1 |
| 9 (RLIN) | 21043 |
| 504 ## - NOTA DE BIBLIOGRAFÍA, ETC. | |
| Nota de bibliografía, etc. | Bibliografía : p. 56-58 |
| 610 24 - PUNTO DE ACCESO ADICIONAL DE MATERIA--NOMBRE DE ENTIDAD CORPORATIVA | |
| Nombre de entidad corporativa o nombre de jurisdicción como elemento de entrada | Archivo Histórico de la Arquidiócesis de Oaxaca |
| Subdivisión general | Historia |
| 9 (RLIN) | 21044 |
| 650 14 - PUNTO DE ACCESO ADICIONAL DE MATERIA--TÉRMINO DE MATERIA | |
| Término de materia o nombre geográfico como elemento de entrada | Archivos |
| Subdivisión geográfica | Oaxaca, México |
| 9 (RLIN) | 21045 |
| 650 14 - PUNTO DE ACCESO ADICIONAL DE MATERIA--TÉRMINO DE MATERIA | |
| Término de materia o nombre geográfico como elemento de entrada | Iglesia |
| Subdivisión general | Historia |
| Subdivisión geográfica | Oaxaca, México |
| 9 (RLIN) | 21046 |
| 700 1# - PUNTO DE ACCESO ADICIONAL--NOMBRE DE PERSONA | |
| Nombre de persona | Traffano, Daniela |
| Término indicativo de función/relación | coaut. |
| 9 (RLIN) | 21047 |
| 942 ## - ELEMENTOS DE PUNTO DE ACCESO ADICIONAL (KOHA) | |
| Fuente del sistema de clasificación o colocación | Library of Congress Classification |
| Tipo de ítem Koha | Libros |
| Estado de retiro | Estado de pérdida | Estado dañado | No para préstamo | Localización permanente | Ubicación/localización actual | Fecha de adquisición | Total de préstamos | Signatura topográfica completa | Código de barras | Fecha visto por última vez | Precio válido a partir de | Tipo de ítem Koha |
|---|---|---|---|---|---|---|---|---|---|---|---|---|
| El ejemplar forma parte de la colección y puede ser consultado según las políticas vigentes. | Biblioteca del Museo Franz Mayer (Rogerio Casas-Alatriste) | Biblioteca del Museo Franz Mayer (Rogerio Casas-Alatriste) | 18/03/2015 | L59 1998 | 02864 | 22/03/2019 | 22/03/2019 | Libros |